000 00381 a2200145 4500
001 168324
020 _a
040 _cMagnum
100 _aMarcellino, Nelson Carvalho Et Al.
240 1 0 _aPara tirar os pes do chao: corrida e associativismo
_lpor
245 1 0 _aPara tirar os pes do chao: corrida e associativismo
362 0 _a1899
697 _aEDUCACAO FISICA
942 _cBK
999 _c168324
_d168324